Health & longevity through ayurveda, yoga and nature cure / (Record no. 134937)

MARC details
000 -LEADER
fixed length control field 00780nam a22002537a 4500
003 - CONTROL NUMBER IDENTIFIER
control field 0
005 - DATE AND TIME OF LATEST TRANSACTION
control field 20180704111836.0
008 - FIXED-LENGTH DATA ELEMENTS--GENERAL INFORMATION
fixed length control field 0
010 ## - LIBRARY OF CONGRESS CONTROL NUMBER
LC control number B-109701
020 ## - INTERNATIONAL STANDARD BOOK NUMBER
Terms of availability 150.00
International Standard Book Number 9781845570316
035 ## - SYSTEM CONTROL NUMBER
System control number B-109701, B-109703
037 ## - SOURCE OF ACQUISITION
Source of stock number/acquisition Cen Lib/Ret
040 ## - CATALOGING SOURCE
Original cataloging agency DPL
Language of cataloging EN
Transcribing agency 0
082 ## - DEWEY DECIMAL CLASSIFICATION NUMBER
Classification number 613
Item number DEV
100 ## - MAIN ENTRY--PERSONAL NAME
Personal name Devaraj, T. L
9 (RLIN) 25863
245 ## - TITLE STATEMENT
Title Health & longevity through ayurveda, yoga and nature cure /
Statement of responsibility, etc by T. L. Devaraj
260 ## - PUBLICATION, DISTRIBUTION, ETC. (IMPRINT)
Place of publication, distribution, etc New Delhi
Name of publisher, distributor, etc New Dawn Press
Date of publication, distribution, etc 2003
270 ## - ADDRESS
Address A-59, Okhla Industrial Area, Phase-II
City New Delhi
Postal code 110020
300 ## - PHYSICAL DESCRIPTION
Extent xi,292p. :
Dimensions 21cm(pbk)
Other physical details ill.
500 ## - GENERAL NOTE
General note Includes bibliographical references
650 ## - SUBJECT ADDED ENTRY--TOPICAL TERM
Topical term or geographic name as entry element Longevity
9 (RLIN) 42211
650 ## - SUBJECT ADDED ENTRY--TOPICAL TERM
Topical term or geographic name as entry element Medicine, Ayurvedic
9 (RLIN) 42212
942 ## - ADDED ENTRY ELEMENTS (KOHA)
Source of classification or shelving scheme Dewey Decimal Classification
Koha item type English Books
Classification part 613
Call number suffix DEV
Holdings
Withdrawn status Lost status Damaged status Not for loan Home library Current library Date acquired Source of acquisition Cost, normal purchase price Total Checkouts Total Renewals Full call number Barcode Date last seen Date checked out Copy number Cost, replacement price Price effective from Koha item type Source of classification or shelving scheme Collection code
        Central Library Central Library 31/07/2015 Cen Lib/Ret 150.00 4 1 613 DEV B-109701 01/12/2020 05/11/2020 1 150.00 31/07/2015 English Books    
        Patel Nagar Patel Nagar 04/07/2018 BPPD/Pub 150.00 7 1 613 DEV B-109703 23/08/2024 06/08/2024 1 150.00 04/07/2018 English Books Dewey Decimal Classification Non-fiction

© Delhi Public Library
Hit Counter
free hit counter